| 000 | 00680nam a2200241Ia 4500 | ||
|---|---|---|---|
| 008 | 160303s9999 xx 000 0 und d | ||
| 020 | _a971-08-6390-8 | ||
| 050 | _aFIL HG 4515.3 | ||
| 050 | _b.C47 2003 c.1 | ||
| 100 | _aCervillon, Carmelita C. | ||
| 245 | _aMathematics of investment : | ||
| 245 | _ba work text/ | ||
| 245 | _cCarmelita C. Cervillon, Grace O. Aoanan, Buencamino O. Lomboy. | ||
| 260 | _aMandaluyong: | ||
| 260 | _bNational Book Store, | ||
| 260 | _c2003 | ||
| 300 | _a224 pages : | ||
| 300 | _billustrations ; | ||
| 300 | _c25 cm. | ||
| 500 | _aIncludes bibliographical references. | ||
| 650 | _aAnnuities. | ||
| 650 | _aBusiness mathematics. | ||
| 999 |
_c291310 _d291310 |
||